Le calcium et le magnésium dans les sols des régions tropicales humides et sub-humides (Record no. 11534)
[ view plain ]
| 000 -LEADER | |
|---|---|
| fixed length control field | 00601 a2200241 4500 |
| 035 ## - SYSTEM CONTROL NUMBER | |
| System control number | 8024 |
| 035 ## - SYSTEM CONTROL NUMBER | |
| System control number | 8025 |
| 035 ## - SYSTEM CONTROL NUMBER | |
| System control number | 8026 |
| 100 ## - VEDETTE PRINCIPALE - NOM DE PERSONNE | |
| Personal name | BOYER, Jean |
| 130 ## - VEDETTE PRINCIPALE - TITRE UNIFORME | |
| Language of a work | Fr. |
| 260 ## - PUBLICATION, DISTRIBUTION, ETC. (IMPRINT) | |
| Place of publication, distribution, etc | Paris |
| 260 ## - PUBLICATION, DISTRIBUTION, ETC. (IMPRINT) | |
| Name of publisher, distributor, etc | O.R.S.T.O.M. |
| 245 ## - TITLE STATEMENT | |
| Title | Le calcium et le magnésium dans les sols des régions tropicales humides et sub-humides |
| 260 ## - PUBLICATION, DISTRIBUTION, ETC. (IMPRINT) | |
| Date of publication, distribution, etc | 1978 |
| 300 ## - PHYSICAL DESCRIPTION | |
| Extent | 173 p. |
| 300 ## - PHYSICAL DESCRIPTION | |
| Other physical details | 24 cm |
| 440 ## - SERIES STATEMENT/ADDED ENTRY--TITLE | |
| Title | (Initiations Documentations techniques ; 35) |
| 500 ## - GENERAL NOTE | |
| General note | Bibliographie pp. 157-173 |
| 650 ## - SUBJECT ADDED ENTRY--TOPICAL TERM | |
| Topical term or geographic name as entry element | <Calcium><Magnésium> |
| Withdrawn status | Lost status | Damaged status | Not for loan | Location (home branch) | Sublocation or collection (holding branch) | Date acquired | Source of acquisition | Koha issues (times borrowed) | Koha full call number | Piece designation (barcode) | Koha date last seen | Copy number | Koha item type |
|---|---|---|---|---|---|---|---|---|---|---|---|---|---|
| Bibliothèque Ecole Polytechnique d'Abomey-Calavi | Bibliothèque Ecole Polytechnique d'Abomey-Calavi | 27/02/2009 | EPAC | 631.41/B791c | 20927EPAC | 27/02/2009 | 1 | Livre |